Tratamiento basado en la mentalización para niños : aplicaciones clínicas en el contexto actual /

Bibliographic Details
Other Authors: Malberg, Norka T. (Editor), Dangerfield, Mark (Editor)
Format: Electronic eBook
Language:Spanish
Published: Barcelona : Herder, [2023]
Edition:1a edición digital.
Series:Colección Salud mental (Barcelona, Spain)
Subjects:
Online Access:Digitalia Hispánica

MARC

LEADER 00000nam a2200000 i 4500
001 DIGHERDER0626
003 NyNyDIG
007 cr |||||||||||
008 230707s2023 sp ob 000 0 spa d
006 m o d
035 |a (OCoLC)1369644477 
040 |a DGITA  |b eng  |e rda  |e pn  |c DGITA 
020 |a 9788425449017  |q eBook 
020 |z 9788425449000 
050 1 4 |a RC489.M55 ebook 
245 0 0 |a Tratamiento basado en la mentalización para niños :  |b aplicaciones clínicas en el contexto actual /  |c Norka T. Malberg, Mark Dangerfield (editores). 
250 |a 1a edición digital. 
264 1 |a Barcelona :  |b Herder,  |c [2023] 
300 |a 1 online resource. 
336 |a text  |b txt  |2 rdacontent 
337 |a computer  |b c  |2 rdamedia 
338 |a online resource  |b cr  |2 rdacarrier 
347 |a text file  |2 rdaft 
347 |b EPUB 
490 1 |a Colección Salud mental 
504 |a Includes bibliographical references. 
588 0 |a Online resource; title from ePub title page (Digitalia, viewed July 7, 2023) 
650 0 |a Mindfulness-based cognitive therapy. 
650 0 |a Child psychotherapy. 
650 0 |a Child mental health. 
700 1 |a Malberg, Norka T.,  |e editor. 
700 1 |a Dangerfield, Mark,  |e editor. 
791 2 |a Digitalia (Firm),  |e distributor. 
793 0 |g Digitalia eBook Collection:  |a Herder Editorial 
776 0 8 |i Print version:  |t Tratamiento basado en la mentalización para niños.  |d Barcelona : Herder, [2023]  |z 9788425449000 
830 0 |a Colección Salud mental (Barcelona, Spain) 
856 4 0 |3 Digitalia Hispánica  |u https://www.digitaliapublishing.com/a/126119/ 
910 |a Premium collection: 2023